Countries Closest to Laos - One Minute Sprint - Statistics

General Stats
  • This quiz has been taken 75 times
  • The average score is 16 of 20
Answer Stats
km country miles % Correct
0 China 0
99%
0 Thailand 0
96%
0 Vietnam 0
96%
0 Cambodia 0
94%
717 India 445
93%
0 Myanmar 0
93%
945 Malaysia 587
91%
1105 Indonesia 687
87%
1396 Nepal 867
82%
1406 Singapore 874
82%
1072 Bhutan 666
81%
1864 Japan 1158
79%
780 Bangladesh 485
78%
1342 Brunei 834
74%
1528 Taiwan 949
74%
1315 Philippines 817
72%
2603 South Korea 1618
72%
2714 North Korea 1686
63%
2360 Sri Lanka 1466
59%
2148 Mongolia 1335
54%
No matching quizzes found
Score Distribution
Percent of People with Each Score
Percentile by Number Answered
Your Score History
You have not taken this quiz